| 000 | 02150cad a22002895a 4500 | ||
|---|---|---|---|
| 001 | E138574 | ||
| 008 | 070702s2007 stkao f ftu s000 0 eng d | ||
| 020 |
_a9781904966463 (part 1) _a9781904966470 (part 2) |
||
| 035 | _a(Sirsi) u138574 | ||
| 041 | 0 | _aeng | |
| 050 | 0 | 4 |
_a690.231 _c18 |
| 110 | 2 |
_aHistoric Scotland _92914 |
|
| 245 | 0 | 0 |
_aConversion of traditional buildings _bapplication of the Scottish Building Standards, part 1 principles and practice, part 2 application _h[electronic resource] |
| 260 |
_aEdinburgh _bHistoric Scotland _c2007 |
||
| 300 |
_avi, 68p. _bill. _c29cm. _f2 parts _aviii, 160p. _bill. _c29cm. |
||
| 350 | _a6 | ||
| 490 | 0 |
_aHistoric Scotland Guide for Practitioners _v6 |
|
| 520 | _aThis Guide aims to provide advice to practitioners, developers, building owners and local authorities regarding the application of the Building (Scotland) Regulations 2004 to the conversion of traditional buildings. Its function is to support existing Technical handbooks by identifying and resolving typical areas of difficulty that may be encountered during the conversion of such buildings. Part 1 sets out the principles which underlie the guide giving details of aspects such as what makes a building significant, issues surrounding performance of traditional buildings and a summary of key legislation affecting such buildings. Part 2 covers the application of the Standards that are most likely to have an impact on traditional buildings giving the text of each standard, a commentary of potential influences of the standard on traditional buildings, identifies risks from the standard to the building and recommended approaches to meeting the requirements of the standard. | ||
| 590 | _aKA | ||
| 650 | 2 | 4 | _aBUILDING (SCOTLAND) REGULATIONS 2004 |
| 651 | 4 |
_aScotland _y1999- |
|
| 690 | _aBUILT ENVIRONMENT-BUILDING MAINTENANCE AND REFURBISHMENT-BUILDING CONSERVATION | ||
| 700 | _aUrquhart, Dennis | ||
| 710 |
_aScottish Building Standards Agency _94655 |
||
| 856 | 4 | 1 |
_uhttps://www.sbsa.gov.uk/tech_handbooks/Conversion_of_Traditional_Buildings_Part_1.pdf _zView the guidance free of charge at www.sbsa.gov.uk |
| 942 | _n0 | ||
| 999 |
_c107207 _d107207 |
||